| 000 | 00000nam##2200000za#4500 |
| 001 | 9.699557 |
| 003 | CaOODSP |
| 005 | 20260106135355 |
| 007 | cr ||||||||||| |
| 008 | 150407|2014||||xxc|||||o f|0| 0 eng|d |
| 020 | |a978-1-100-24705-2 |
| 040 | |aCaOODSP|beng |
| 043 | |an-cn--- |
| 086 | 1 |aM154-80/2014E-PDF |
| 110 | 2 |aCANMET Energy Technology Centre (Canada) |
| 245 | 10|aStakeholder engagement guide with worksheets : |h[electronic resource]|bDistrict Energy Systems |
| 246 | 1 |aDistrict Energy stakeholder engagement guide |
| 260 | |aOttawa - Ontario : |bNatural Resources Canada. |cc2014. |
| 300 | |a42p.|bfigs., tables |
| 590 | |a15-02|b2015-01-09 |
| 690 | 07|aEnergy supply|2gcpds |
| 775 | 08|tGuide de mobilisation des intervenants avec des feuilles de travail : |w(CaOODSP)9.643510 |
| 856 | 40|ahttp://publications.gc.ca|qPDF|s3.50 MB|uhttps://publications.gc.ca/collections/collection_2015/rncan-nrcan/M154-80-2014-eng.pdf |